FAO plant production and protection paper; N159 Proceedings of the Regional Technical Meeting on Seed Policy and Programmes in the Near East and North Africa, Larnaca, Cyrus, 27 June-2 July 1999,Seed policy and programmes in the Near East and North Africa, 2000
This document would also advise on the proper and effective ways to involve the private sector in the efforts to strengthen the seed industry in the rigion.
Wedi'i Gadw mewn:
| Prif Awdur: | |
|---|---|
| Fformat: | Llyfr |
| Iaith: | Undetermined |
| Cyhoeddwyd: |
Rome
FAO
2000
|
| Pynciau: | |
| Tagiau: |
Ychwanegu Tag
Dim Tagiau, Byddwch y cyntaf i dagio'r cofnod hwn!
|
| Thư viện lưu trữ: | Trung tâm Học liệu Trường Đại học Cần Thơ |
|---|
| LEADER | 00872nam a2200205Ia 4500 | ||
|---|---|---|---|
| 001 | CTU_40330 | ||
| 008 | 210402s9999 xx 000 0 und d | ||
| 082 | |a 632 | ||
| 082 | |b F218/N159 | ||
| 100 | |a FAO | ||
| 245 | 0 | |a FAO plant production and protection paper; N159 | |
| 245 | 0 | |b Proceedings of the Regional Technical Meeting on Seed Policy and Programmes in the Near East and North Africa, Larnaca, Cyrus, 27 June-2 July 1999,Seed policy and programmes in the Near East and North Africa, 2000 | |
| 245 | 0 | |c FAO | |
| 260 | |a Rome | ||
| 260 | |b FAO | ||
| 260 | |c 2000 | ||
| 520 | |a This document would also advise on the proper and effective ways to involve the private sector in the efforts to strengthen the seed industry in the rigion. | ||
| 650 | |a seeds | ||
| 904 | |i Nguyễn Quang Điền, 010228 | ||
| 980 | |a Trung tâm Học liệu Trường Đại học Cần Thơ | ||